000 00730nam a2200265 a 4500
001 9658
003 CO-ViMGA
008 141112s2004 ck r 000 u spa d
040 _aCO-ViMGA
_bspa
_cCO-ViMGA
082 0 4 _a530 J61
100 1 _aJimenez Balboa ; Luis,
_911198
245 1 0 _aProntuario de Tecnica Mecanica
260 _aBarcelona :
_bMarcombo,
_c1977
300 _a1269p.
650 1 4 _aARCOS, CUERDAS Y FLECHAS
_911199
650 1 4 _aCABLES
_911200
650 1 4 _aLOGARITMOS
650 1 4 _aTABLAS DE VALORES
_911201
650 1 4 _aTABLAS NUMERICAS
_911202
650 1 4 _aTORNILLOS
_911203
650 1 4 _aTUERCAS
_911204
650 1 4 _aVALORES NUMERICOS
_911205
650 1 4 _aVARILLAS Y BARRAS
_911206
942 _2ddc
_cBK
999 _c21122
_d21122